| 000 | 01532nam a2200229 a 4500 | ||
|---|---|---|---|
| 003 | DO-SdBNP | ||
| 005 | 20220701121302.0 | ||
| 007 | ta | ||
| 008 | 220623e2004 dr ||||frlg|| 001 0 spa d | ||
| 040 |
_aDO-SdBNP _bspa _cBNPHU |
||
| 082 | 4 |
_222 _bS562i |
|
| 245 | 1 | 0 | _aSistema de implementación del nuevo proceso penal creado por la Ley No. 76-02 |
| 246 | 1 | 0 | _aLey No. 76-02 |
| 260 |
_aSanto Domoimgo : _bFilantropía, _c2004 |
||
| 300 |
_a81 p. ; _c20 cm. |
||
| 505 | 0 |
_tLey No. 278-04, Implementación del Proceso Penal.-- _tDecreto No, 420-02, Creación de la comisión Nacional de Ejecución de la -reforma Procesal Penal (CONAE).-- _tResolución No. 1920-2003, Medidas Anticipadas para la Aplicación del nuevo Código Procesal Penal.-- _tResolución No. 1919-2003, Resolución de Garantía en caso de Ordenar una Suspensión de Ejecución de Sentencia.-- _tResolución No. 512-2002, Sistema de Defensa Penal.-- _tResolución No. 1362-2003, Competencia de Atribución del Juzgado de Primera Instancia de la Provincia Santo Domingo. _tResolución No. 713-2002, que autoriza a los Jueces de Instrucción el Distrito Nacional, secretarios y/o auxiliares a trasladarse a Najayo y la Victoria.-- _tResolución No. 14786-2003, de la Procuraduría General de la República.-- |
|
| 590 | _aInventariado 2022 / MF | ||
| 650 | 4 |
_979530 _aRepública Dominicanos _xLey 76-02 que crea el Sistema de Implementación del Nuevo Proceso Penal |
|
| 651 | 4 |
_964426 _aRepública Dominicana _xLey No. 76-02 |
|
| 910 | _aMFeliz | ||
| 942 |
_2ddc _cLBS1 |
||
| 999 |
_c52096 _d52096 |
||